[Event "Dortmund SuperGM 39th"]
[Site "Dortmund"]
[Date "2011.07.25"]
[Round "5"]
[White "Le, Quang Liem"]
[Black "Ponomariov, Ruslan"]
[Result "1-0"]
[WhiteElo "2715"]
[BlackElo "2764"]
[Annotator "Le,Quang Liem"]
[PlyCount "141"]
[EventDate "2011.07.21"]
[EventType "tourn"]
[EventRounds "10"]
[EventCountry "GER"]
[EventCategory "20"]
[SourceTitle "CBM 144"]
[Source "ChessBase"]
[SourceDate "2011.09.16"]
[SourceVersion "1"]
[SourceVersionDate "2011.09.16"]
[SourceQuality "1"]

1. d4 {Marin,Mihail} Nf6 2. c4 e6 3. Nf3 d5 4. Nc3 Nbd7 5. cxd5 exd5 6. Bf4 c6 ({An alternative is} 6... Bb4 {with similar play to the Ragozin Defence.}) 7. Qc2 (7. e3 {is premature, as Black can exchange his knight for White's bishop favourably.} Nh5 8. Bg5 Qb6 9. Qc2 h6) 7... Nh5 ({If} 7... Be7 {then White has time for} 8. h3 {keeping his strong bishop from exchanging} O-O 9. e3 $14 {Later on White can even consider castling long and starting an offensive with his pawns on the kingside.}) 8. Bd2 $146 Nhf6 (8... Bd6 {allows} 9. e4 {with active play for White.}) ({After} 8... Be7 {Black must reckon with} 9. h3 $5 O-O 10. g4 Nhf6 11. Bf4 $13) 9. Bf4 ({In this kind of position White would not like to play e3 when his bishop remains passive on d2.} 9. e3 Bd6 10. Bd3 O-O) 9... Nh5 10. Bg5 {So White has to force the exchange of bishops.} Be7 11. Bxe7 Qxe7 12. e3 {In the Carlsbad structure like this, White usually has two plans: either to castle short and start a minority pawn attack, or to castle long and attack on the kingside.} Nb6 {Black keeps his position flexible and open for all possibilities.} (12... O-O $6 {would be a slight positional mistake, as after} 13. Bd3 g6 {White can choose} 14. O-O-O $5 {with good attacking prospect. The g6-pawn now becomes a target. It looks like White can open the kingside quite fast.} (14. O-O)) ({RR} 12... g6 13. Be2 O-O 14. O-O Re8 15. a3 a5 16. Na4 Ra7 17. Rac1 Nhf6 18. Nd2 h5 19. Rfe1 h4 20. h3 Kg7 21. Bd3 Ne4 22. Bxe4 dxe4 23. f3 Nf6 24. fxe4 Nxe4 25. Qxe4 Qxe4 26. Nxe4 Rxe4 27. Kf2 {Le,Q (2722)-Salem,A (2684) Biel 2022 1-0 (55)}) ({RR} 12... g6 13. O-O-O Ndf6 14. Bd3 Ng7 15. h3 Bf5 16. Bxf5 Nxf5 17. g4 Nd6 18. Ne5 Nd7 19. Nd3 Ne4 {½-½ (17) Gligoric,S-Pachman,L Warsaw 1947}) 13. Ne5 (13. Bd3 {is not good now because of} Nf4 $1 {White does not have the intermediate check on h7 (comparing to the line 12...0-0)}) (13. Be2 {is pretty slow:} Bg4 14. O-O Nf6 {Black should be fine.}) ({RR} 13. Be2 Bg4 14. Ne5 Bxe2 15. Qxe2 Nf6 16. O-O O-O 17. Rfc1 Nfd7 18. Nxd7 Nxd7 19. Rc2 Rae8 20. Qd3 f5 21. Re2 Rf6 22. Rae1 Qf7 23. f3 Rf8 24. b3 g5 25. Rf2 Qg6 26. Ree2 Re6 27. Rf1 Rfe8 {Lentrodt,T (2250)-Kvetny,M (2415) Austria 2018 1-0 (47)}) ({RR} 13. O-O-O Nf6 ({RR} 13... g6 {RR} 14. h3 ({RR} 14. Bd3 Bg4) 14... Bf5 15. Qb3 Nf6 16. Ne5 Nfd7 17. Nxd7 Qxd7 18. Qa3 Qe7 19. Qxe7+ Kxe7 20. g4 Be6 21. Bd3 h5 22. f3 ({RR} 22. g5 h4 23. f3 Rad8 24. Kb1 Kf8 25. b3 Kg7 26. Kb2 Nc8) 22... Rh7 23. Ne2 ({RR} 23. g5) 23... hxg4 24. hxg4 Rah8) ({RR} 13... Bg4 14. h3 ({RR} 14. Re1 Bxf3 15. gxf3 g6 16. Bh3 Qh4 17. Bg2 O-O-O 18. Kb1) 14... Bxf3 15. gxf3 g6 16. Kb1 O-O-O 17. h4 Kb8 18. Qb3 Nc8 ({RR} 18... Rhe8) 19. Na4 Nd6 20. Nc5 Ng7 21. Rc1 h5 22. Rc3 Ne6 ({RR} 22... Rhe8) ({RR} 22... Ka8) 23. Qb4 ({RR} 23. Nxe6 Qxe6 24. Rxc6 Qf5+ 25. Bd3 Qxf3 26. Rf1 Ne4 27. Rc2 Rc8) 23... Ka8 24. Ra3 Nc8 25. Bd3 Rhe8 26. Rb3 Nd6 27. Rc1 Rc8 28. Ra3) 14. Bd3 ({RR} 14. h3 Ne4) 14... Be6 ({RR} 14... Bg4) 15. h3 O-O-O 16. Kb1 Kb8 17. Nd2 ({RR} 17. Rc1 Ne8 18. Na4 Nxa4 19. Qxa4 Nd6 20. Rc3 Rhe8 21. Ra3 Nc8 22. Rc1 Qf6) 17... Rc8 18. Nb3 Nfd7 19. Ne2 ({RR} 19. f3 c5 20. dxc5 Nxc5 21. Nxc5 Rxc5 22. Qf2 Ka8 23. g4 Rhc8 24. Nb5 Bd7 25. Nd4 Nc4 26. Bxc4 dxc4 27. Ne2 b5) 19... c5 ({RR} 19... h5 20. h4 ({RR} 20. Rc1 h4 21. Rhe1 g5 22. Ng1 f6 23. Nf3 Rhe8) ({RR} 20. Nc5 Nxc5 21. dxc5 Nd7 22. b4 Ne5 23. Nd4 h4) 20... c5 21. dxc5 Nxc5 22. Nxc5 Rxc5 23. Qd2 Rhc8 24. Nd4 Bg4 25. Rde1 ({RR} 25. f3 Bd7) 25... Nc4 26. Bxc4 dxc4 27. f3 ({RR} 27. Qc3 Qe4+ 28. Qc2 Bf5) 27... c3 28. bxc3 Bd7 29. Rc1 Ba4) 20. dxc5 Nxc5 21. Nxc5 Rxc5 22. Qd2 Rhc8 23. Nd4 Nc4 24. Bxc4 dxc4 25. Qc3 Bd7 26. f3 f5 27. Rhe1 Rd5 {Nakamura,H (2787)-Aronian,L (2792) Paris 2016 CBM 173 [Marin,Mihail] 1-0 (61)} ({RR} 27... Re5 28. g4)) ({RR} 13. Be2 g6 14. O-O Bf5 15. Qd2 Nf6 16. Ne5 Nbd7 17. Nxd7 Bxd7 18. Bd3 a5 19. f3 O-O 20. e4 dxe4 21. fxe4 Be6 22. e5 Nd5 23. Ne4 f5 24. Nd6 Nb4 25. Bb1 Nd5 26. a3 Kh8 27. Bc2 f4 {Xiong,J (2656)-Sarana,A (2668) chess.com INT 2026 0-1 (49)}) 13... g6 14. O-O-O Bf5 15. Qe2 Nf6 16. g4 Be6 17. f3 O-O-O {Of course Black does not want to castle on the opposite side. His king feels much safer on the queenside.} (17... h5 $5 {might be a good try, with the idea of exchanging a pair of knights; that makes Black's game easier.} 18. g5 Nfd7 19. Nxd7 Bxd7 20. h4 O-O-O $11) 18. h4 Nfd7 ({Now} 18... h5 {makes no sense, because White can play simply} 19. g5 Nfd7 20. Nd3) 19. Nd3 Rhe8 20. Bg2 {Both sides manoeuvre slowly. White has a slight space advantage and Black is very solid.} f6 21. Qf2 Qd6 22. Kb1 Kb8 {Trying to improve all the pieces by putting them on their best squares.} 23. Ka1 {White would wish to play e4, but first he has to protect the g4-pawn. But that is not so easy to accomplish along with a harmonious development of the pieces. So I decided to make a "waiting" prophylactic move.} (23. g5 Bf5 $13) 23... h6 24. Rhg1 Bf7 $6 {A mistake, perhaps underestimating White's next move.} (24... g5 {is more logical:} 25. Bh1 Re7 26. f4 {The position is dynamically equal.}) 25. g5 hxg5 26. hxg5 f5 $6 (26... fxg5 {is stronger:} 27. Bh3 Rh8 28. Bxd7 Nxd7 29. Rxg5 {though White is still positionally better.}) 27. e4 $1 {Now the game enters a concrete phase, with lots of possible tactics.} dxe4 28. fxe4 Ka8 (28... fxe4 {is bad because of} 29. Nxe4 Qe6 30. Qg3+ Ka8 31. b3 Nc8 $8 32. Rgf1 $16 {White pieces dominate the board.}) ({The correct defence seems to be} 28... Bc4 $5 29. exf5 Bxd3 (29... gxf5 30. Nf4) 30. Rxd3 gxf5 31. Qxf5 Ne5 32. Rdd1 Nec4 {but White is also clearly better after} 33. Qf2 $1) 29. Nc5 ({The best move is} 29. exf5 $1 gxf5 30. Nf4 $16 {with the idea to answer} (30. Qxf5 Bh5) 30... Nf8 {with} 31. d5) 29... Nc4 $6 {This move looks tempting, but it falls short for a tactical reason.} 30. Nb3 $2 {Returning the faavour. This "human move" almost spoils all of White's advantages. But it was not easy to calculate everything in such a complicated positon, escpecially when both sides were low on time.} ({I saw} 30. exf5 {but rejected it because I thought Black might be able to hold after} Ne3 (30... Nxc5 31. dxc5 Qe5 32. Be4 $16) (30... gxf5 $2 31. Nb5 $1) 31. N5e4 (31. Nb5 Nxd1 32. Rxd1 Qe7 $8 (32... Qb8 33. Na6) (32... Qh2 33. Nxb7 Bd5 34. Nxd8 Rxd8 35. Rg1 gxf5 36. Nc3) 33. Nc7+ Kb8 34. Nxe8 Nxc5 35. Qg3+ Kc8 36. Nf6 gxf5 37. Bh3 $16) 31... Nxd1 32. Nxd6 Nxf2 33. Nxf7 gxf5 34. Nxd8 Rxd8 35. Rf1 Ng4 36. Rxf5 Ne3 37. Rf2 $16 {In fact, although it's far from winning, White is still much better.}) 30... Qb4 (30... Bg8 $5 31. d5 cxd5 32. Nb5 Qb8 33. exf5 a6 {Black is quite close to equality.}) 31. d5 (31. exf5 Ne3) 31... Qb6 $6 {Under strong pressure, Black decides to sacrifice a pawn in order to exchange queens, but this turns out to be a serious compromise.} ({The correct defence is} 31... cxd5 32. exf5 Qb6 $1 (32... Ne3 33. Rd4 {(this's why White had to play 31.d5 before taking the f5 pawn - to take the d4-square for the rook)} Qb6 34. fxg6 Qxg6 35. Be4 dxe4 36. Qxe3 $14) 33. Qxb6 Ndxb6 34. f6 Ne3 35. Rd2 Nbc4 36. Rf2 Re5 $11) (31... c5 32. exf5 (32. d6 $5) 32... gxf5 (32... Ne3 33. Rde1 Nxf5 34. Bh3) 33. Qxf5 $14) 32. Qxb6 Ndxb6 33. dxc6 {Now White is just a pawn up.} Rxd1+ 34. Nxd1 fxe4 35. cxb7+ Kb8 36. Nc3 Re5 $6 (36... Nd6 37. Nc5 Re5 38. N5xe4 (38. Rd1 Rxc5 39. Rxd6 Kxb7 40. Bxe4+ Kc7 41. Rf6 Be8 42. Bxg6 Bd7 43. Be4 Rxg5 {Black should be able to hold this if he plays accurately.}) 38... Nxb7 39. Rf1 $14) 37. Bxe4 Nd6 38. Nd4 $16 Rc5 (38... Rxe4 39. Nxe4 Nxe4 40. Nc6+ Kxb7 41. Nd8+ $18) 39. Rf1 (39. Bh1 {is stronger, with the following forced variation} Nxb7 40. Nc6+ Kc7 41. Nxa7 Nd6 42. Rc1 $1 {(I failed to see this key move)} Kd7 43. Rd1 Kc7 44. Rxd6 $1 Kxd6 45. Ne4+ Kd5 46. Nxc5+ Kxc5 47. Nc6 $18 {White should win without much difficulty.}) 39... Nxe4 40. Nxe4 Rc4 41. Rd1 Bd5 42. Nd6 Rc7 43. Rf1 Bxb7 44. Rf8+ (44. b3 $5 Nc8 45. Nxb7 Rxb7 46. Rf6 $16 {is perhaps a better version than the text move.}) 44... Nc8 45. b4 Rd7 46. Nc6+ Kc7 47. Nxb7 Kxb7 48. Rf6 Rd6 49. Ne5 Rd5 50. Nf3 (50. Nf7 Ne7 51. Re6 Nc6 52. b5 Nd4 53. Rxg6 Nxb5 54. Kb2 $16) 50... Rd3 51. Kb2 Nb6 52. Ne5 Rd5 53. Nf7 a5 $6 (53... Rd7 {is more stubborn} 54. Kb3 (54. Nd6+ $4 Rxd6) 54... Nd5 55. Rf3 Re7 56. Kc4 Ne3+ 57. Kd3 Ng4 58. Kd4 $16) 54. bxa5 Rb5+ 55. Ka1 Rxa5 56. Rxg6 {And White is two healthy pawns up. The rest is just a matter of technique.} Rc5 57. Kb2 Rb5+ 58. Kc3 Ra5 59. Nd6+ Kc7 60. Kb3 Rd5 61. Ne8+ Kb7 62. Rg7+ Kc6 63. Rc7+ Kb5 64. g6 Rg5 65. Nd6+ Ka6 66. g7 Rg3+ 67. Kc2 Nd5 68. Rf7 Rg2+ 69. Kb3 Ne3 70. Ne8 Rg3 71. Rf3 1-0

[Event "WchT 8th"]
[Site "Ningbo"]
[Date "2011.07.25"]
[Round "8.4"]
[White "Mamedyarov, Shakhriyar"]
[Black "Sargissian, Gabriel"]
[Result "1-0"]
[WhiteElo "2765"]
[BlackElo "2663"]
[Annotator "Krasenkow,Michal"]
[PlyCount "89"]
[EventDate "2011.07.17"]
[EventType "team-tourn"]
[EventRounds "9"]
[EventCountry "CHN"]
[SourceTitle "CBM 144"]
[Source "ChessBase"]
[SourceDate "2011.09.16"]
[SourceVersion "1"]
[SourceVersionDate "2011.09.16"]
[SourceQuality "1"]
[WhiteTeam "Azerbaijan"]
[BlackTeam "Armenia"]
[WhiteTeamCountry "AZE"]
[BlackTeamCountry "ARM"]

1. d4 d5 2. c4 e6 3. Nc3 Be7 4. Bf4 Nf6 5. e3 O-O 6. a3 {A rare move order.} (6. Nf3 {leads to a usual position.}) 6... b6 (6... c6 {is illogical in the f4 setup, e.g.} 7. Nf3 Nbd7 8. h3 b6 9. cxd5 Nxd5 10. Nxd5 exd5 11. Bd3 Bb7 12. Qc2 Nf6 13. Be5 h6 14. g4 Ne4 15. h4 c5 16. Rd1 c4 17. Bxe4 dxe4 18. Nd2 Qd5 19. g5 hxg5 20. hxg5 Bxg5 21. f3 $40 {1-0 Nielsen,P (2680)-Sethuraman,S (2455)/Helsingor 2009/CBM 131 Extra (26)}) (6... a6 7. c5 $1 b6 8. b4 Ne4 9. Qc2 Nxc3 10. Qxc3 a5 11. Nf3 c6 12. Ne5 f6 13. Nd3 Nd7 14. Be2 Ba6 15. Bg3 Bxd3 16. Bxd3 axb4 17. axb4 Rxa1+ 18. Qxa1 Qa8 19. O-O b5 20. e4 $14 {1-0 Shimanov,A (2586)-Hemant,S (2247)/Chennai IND 2011/The Week in Chess 874 (34)}) (6... dxc4 7. Bxc4 Nbd7 8. Nb5 Ne8 9. Nf3 a6 10. Nc3 Nef6 11. e4 b5 12. Bd3 Bb7 13. b4 a5 14. Nxb5 axb4 15. Bxc7 Qc8 16. Rc1 Bxe4 17. Nd6 Bxd6 18. Bxd6 Bxf3 19. gxf3 Qb7 20. axb4 $14 {1/2 Murey,J (2465)-Shchekachev,A (2522)/Paris 2003/CBM 099 (36)}) (6... c5 7. dxc5 Bxc5 8. Nf3 {leads to one of the main D37 theoretical lines but not everyone likes to play it with ...c7-c5!}) 7. g4 $146 {[%mdl 8] "A creative approach", we could say but g2-g4 is now tried in so many positions that it has become a typical balance-breaking method! Quiet alternatives include:} (7. Rc1 dxc4 (7... c5 $5) 8. Qf3 c6 9. Bxc4 Bb7 10. Nge2 Qd7 11. O-O c5 12. Qh3 Ba6 13. Bxa6 Nxa6 14. Qf3 c4 15. Rfd1 Nd5 16. Be5 b5 17. e4 Nxc3 18. Qxc3 $14 {1/2 Moradiabadi,E (2571)-Enchev,I (2441)/Aghios Kirykos 2010/CBM 137 Extra (33)}) (7. cxd5 {A very typical reply to ...b7-b6 "killing" Black's eventual b7-bishop at once.} Nxd5 8. Nxd5 exd5 9. Nf3 c5 10. Ne5 (10. Bd3 {is more normal}) 10... f6 11. Nf3 Nc6 (11... c4 $5 {[%cal Rc8f5] was a logical way to take advantage of White's loss of time}) 12. Bb5 Na5 13. dxc5 bxc5 14. Rc1 Qb6 15. Be2 Be6 16. Qc2 Nb3 17. Rd1 Rfd8 18. Bd3 h6 19. O-O Bd6 20. Bxd6 Rxd6 21. Nh4 $14 {[%csl Rg6,Rh7] 1-0 Hammer,J (2585)-King,D (2494)/England 2010/EXT 2011 (32)}) ({RR} 7. cxd5 Nxd5 8. Nxd5 exd5 9. Bd3 c5 10. Nf3 Nc6 11. O-O Be6 12. Bb5 Na5 13. dxc5 bxc5 14. b4 Qb6 15. Qa4 a6 16. Bd3 cxb4 17. Nd4 b3 18. Rab1 Qc5 19. Nxe6 fxe6 20. Qd7 Rf6 21. Be5 Rd8 {Nakamura,H (2787)-Caruana,F (2795) Saint Louis 2016 1-0 (34)}) ({RR} 7. Nb5 Na6 8. Rc1 c6 9. Nc3 Bb7 10. cxd5 exd5 11. Bd3 Nc7 12. Nf3 Ne6 13. Be5 c5 14. O-O g6 15. h3 c4 16. Bb1 a6 17. Nd2 Nd7 18. Bh2 f5 19. f4 b5 20. g4 Kh8 21. Nf3 Qb6 {Rakhmanov,A (2585)-Nigmatov,O (2459) Tashkent UZB 2026 1-0 (47)}) ({RR} 7. Rc1 c5 8. Nf3 Bb7 9. cxd5 Nxd5 10. Nxd5 exd5 11. Bd3 c4 12. Bb1 b5 13. h4 g6 14. h5 g5 15. Nh4 Bc8 16. Bxb8 Rxb8 17. Nf5 Bxf5 18. Bxf5 b4 19. axb4 Rxb4 20. Rc2 h6 21. O-O Qd6 {Mamedyarov,S (2764)-Harikrishna,P (2719) ICC INT 2020 ½-½}) 7... Bb7 (7... c5 $5 {looks more energetic (here or on the next move). The b8-knight could then go to c6 or d7 depending on the situation.}) 8. Bg2 Nbd7 (8... c5 $5) 9. h4 Ne4 $146 ({RR} 9... Qc8 10. cxd5 Nxd5 11. Nxd5 Bxd5 12. Bxd5 exd5 13. Ne2 c5 14. h5 Qc6 15. Ng3 Rfe8 16. Nf5 Bf6 17. O-O g6 18. Nh6+ Kf8 19. Qf3 Re7 20. hxg6 hxg6 21. Kg2 Bg7 22. Rh1 Qe6 23. g5 Ke8 24. Ng8 {Sadorra,J (2514)-Baryshpolets,A (2548) Dallas 2016 1-0 (51)}) 10. Nge2 Nxc3 {Suddently it turns out that White's pieces are placed quite harmoniously, and Black's task is not easy, e.g.} (10... Bxh4 11. Nxe4 dxe4 12. Qc2 f5 (12... e5 13. Bxe5 Nxe5 14. dxe5 f5 15. Nf4 $1 {[%cal Rg4f5,Rf4e6]}) 13. c5 Bd5 $140 14. gxf5 exf5 15. Nc3 $16) (10... c5 11. g5 $1 (11. Nxe4 $143 dxe4 12. Nc3 cxd4 13. exd4 Rc8 14. b3 e5 $1 15. dxe5 Nc5 $44) 11... cxd4 12. exd4 {e.g.} Rc8 13. cxd5 exd5 14. Rc1 $36) 11. Nxc3 c5 12. g5 $1 {[%csl Rd7] It is essential to restrict Black's knight.} (12. cxd5 $143 cxd4 13. Qxd4 (13. exd4 $2 Nf6 $1 $17) 13... Bf6 $132) 12... b5 $6 {The arising complications will be favourable for White.} (12... cxd4 $142 13. exd4 Re8 $14 {[%cal Yd7f8]}) 13. cxd5 b4 (13... Nb6 $5 {may be better but still not enough:} 14. dxc5 Bxc5 15. Rc1 Rc8 16. b4 Be7 17. O-O Nxd5 18. Nxd5 Bxd5 19. Rxc8 Qxc8 20. Bxd5 Rd8 21. Qc1 $1 ({even better than} 21. Bxe6 Qxe6 22. Qf3) 21... exd5 22. Qxc8 Rxc8 23. Rd1 Rd8 24. Rc1 $1 $16 {[%cal Rc1c7]}) 14. axb4 cxb4 15. Nb5 Qb6 {An attempt to mess up the matters; otherwise White keeps material or a positional advantage:} (15... Bxd5 16. Bxd5 exd5 17. Nc7 Rc8 18. Nxd5 $16) (15... a6 16. Nc7 Rc8 17. O-O $1 Rxc7 18. d6 Bxg2 19. dxe7 Qxe7 20. Bxc7 Bxf1 21. Qxf1 $16) (15... Nb6 16. Nc7 Nxd5 $1 (16... Rc8 17. Rxa7) 17. Bxd5 $1 Bxd5 18. O-O Rc8 19. Nxd5 Qxd5 20. Rxa7 $16) 16. Nc7 (16. Qa4 $1 $16 {may be better}) 16... Rac8 17. O-O $1 e5 $1 (17... Rxc7 18. Bxc7 Qxc7 19. Rxa7 Qb8 20. Rxb7 Qxb7 21. d6 $18) 18. dxe5 $1 Rxc7 19. d6 Bxg2 20. Kxg2 Bxd6 21. exd6 {White keeps an extra passed pawn but, surprisingly, it is very difficult to convert it!} Rc5 $2 {Perhaps an error on the scoresheet..} (21... Rc4 $1) 22. Rc1 $2 (22. e4 $1 $18 {[%cal Rf4e3]}) 22... Rxc1 23. Qxc1 Qb7+ 24. f3 Rc8 25. Qd2 a5 26. Ra1 (26. Rc1 Rxc1 27. Qxc1 a4 28. Qc7 Qb5 29. Kg3 g6 30. e4 Nf8 31. Qa7 Nd7 {, and it is unclear how to win.}) 26... Qb5 27. b3 Rc3 28. Qa2 h5 29. Kg3 Rc5 30. Qd2 Rc3 31. Rc1 $5 {An attempt to make progress.} (31. Qd1 g6 32. Ra2 Kh7 33. Qa1 Rc5) 31... Rxb3 (31... Qc6 32. e4) 32. Rc8+ Kh7 33. Qc2+ Qd3 (33... Rd3 34. Re8 $1 {[%cal Yc2c8,Ye8e7]}) 34. Qxd3+ Rxd3 35. Rc7 Nb6 36. Be5 Kg6 $2 {The last mistake. White now wins a piece and the game.} (36... Rd5 $1 37. f4 Kg8 $1 {, and White's win is still under doubt} ({but not} 37... Kg6 $2 38. e4)) 37. Bd4 b3 38. Rb7 $1 Nd7 39. Rxd7 a4 40. Rb7 a3 41. d7 Rxd4 42. exd4 a2 43. d8=Q a1=Q 44. Qb6+ Kh7 45. d5 1-0